[Event "USA-ch U16"]
[Site "Schaumburg"]
[Date "2025.06.21"]
[Round "4"]
[White "Rao, Anjaneya Sripathy"]
[Black "Atwell, Rose"]
[Result "0-1"]
[WhiteElo "2217"]
[BlackElo "2257"]
[PlyCount "128"]
[EventDate "2025.06.19"]
[EventType "tourn"]
[EventRounds "7"]
[EventCountry "USA"]
[EventCategory "2"]
[SourceTitle "CB26_2025"]
[SourceDate "2025.06.25"]
[SourceVersion "1"]
[SourceVersionDate "2025.06.25"]
[SourceQuality "1"]

1. e4 c5 2. Nc3 Nc6 3. Bb5 Nd4 4. Nf3 a6 5. Bd3 g6 6. 0-0 Bg7 7. Re1 e6 8. e5 Qc7 9. b3 Nxf3+ 10. Qxf3 Bxe5 11. Bb2 d6 12. Rxe5 dxe5 13. Re1 f6 14. Ne4 Qe7 15. Ba3 f5 16. Nxc5 e4 17. Bxe4 fxe4 18. Nxe4 Qxa3 19. Qc3 Bd7 20. Qxh8 0-0-0 21. Qc3+ Bc6 22. Nc5 Rd5 23. Nxe6 Qe7 24. d3 Qf6 25. Qb4 Re5 26. Rxe5 Qxe5 27. Qf8+ Kd7 28. Nc5+ Kc7 29. h3 Nf6 30. Qf7+ Kb6 31. Ne4 Nxe4 32. dxe4 Qxe4 33. f3 Qxc2 34. Qxh7 Qxa2 35. Qxg6 Qxb3 36. h4 Qe3+ 37. Kh2 Qf4+ 38. Kh3 Kc7 39. h5 Bd7+ 40. g4 Qxf3+ 41. Kh4 Qf2+ 42. Kg5 Qe3+ 43. Kh4 Qf2+ 44. Kg5 Qd2+ 45. Kh4 Qh2+ 46. Kg5 Qe5+ 47. Kh4 Qe7+ 48. Kh3 Be8 49. Qc2+ Kd8 50. Qd2+ Bd7 51. h6 Ke8 52. Qf4 b5 53. Kg3 Qe1+ 54. Kh3 Qe7 55. Kg3 b4 56. g5 Qe1+ 57. Kh2 Qe2+ 58. Kg3 Qd3+ 59. Kh2 Qf5 60. Qb8+ Kf7 61. Qd6 Qf2+ 62. Kh1 Qh4+ 63. Kg1 Qxg5+ 64. Kh2 Qh5+ 0-1

[Event "USA-ch U16"]
[Site "Schaumburg"]
[Date "2025.06.20"]
[Round "3"]
[White "Colville, Julian"]
[Black "Rao, Anjaneya Sripathy"]
[Result "1/2-1/2"]
[WhiteElo "2268"]
[BlackElo "2217"]
[PlyCount "105"]
[EventDate "2025.06.19"]
[EventType "tourn"]
[EventRounds "7"]
[EventCountry "USA"]
[EventCategory "2"]
[SourceTitle "CB26_2025"]
[SourceDate "2025.06.25"]
[SourceVersion "1"]
[SourceVersionDate "2025.06.25"]
[SourceQuality "1"]

1. e4 e6 2. d4 d5 3. Bd3 dxe4 4. Bxe4 Nf6 5. Bf3 c5 6. Ne2 Nc6 7. Be3 cxd4 8. Nxd4 Ne5 9. Nc3 a6 10. Qe2 Nxf3+ 11. gxf3 Qc7 12. 0-0-0 Bd7 13. Rhg1 0-0-0 14. Nb3 e5 15. Ba7 Bb4 16. Qe3 Bxc3 17. bxc3 Be6 18. Rxd8+ Qxd8 19. Qxe5 Nd7 20. Qd6 Qc7 21. Qxc7+ Kxc7 22. Bd4 Rg8 23. Bxg7 f6 24. a3 Ne5 25. Rg3 Nc4 26. Bxf6 Nxa3 27. Nd4 Bf7 28. Nf5 Rg6 29. Be5+ Kd7 30. Ne3 Nc4 31. f4 Rxg3 32. hxg3 Nxe3 33. fxe3 Bg6 34. Kd2 b5 35. g4 Be4 36. c4 bxc4 37. Kc3 Ke6 38. Kd4 Bxc2 39. e4 h6 40. Bg7 Bd1 41. f5+ Kf7 42. Bxh6 Bxg4 43. Bg5 a5 44. Ke5 c3 45. Bc1 Be2 46. Kd5 Bg4 47. Bg5 a4 48. Kd4 a3 49. Kxc3 a2 50. Kb2 Bf3 51. e5 Bg4 52. e6+ Ke8 53. Kxa2 1/2-1/2

[Event "Titled Tuesday intern op 03rd Jan Late"]
[Site "Chess.com INT"]
[Date "2025.06.03"]
[Round "3"]
[White "Rao, Anjaneya Sripathy"]
[Black "Ismagilov, Damir"]
[Result "0-1"]
[WhiteElo "2173"]
[BlackElo "2173"]
[PlyCount "66"]
[EventDate "2025.06.03"]
[EventType "swiss (blitz)"]
[EventRounds "11"]
[EventCountry "USA"]
[SourceTitle "CB24_2025"]
[SourceDate "2025.06.11"]
[SourceVersion "1"]
[SourceVersionDate "2025.06.11"]
[SourceQuality "1"]

1. e4 e5 2. Nc3 Nc6 3. g3 Nf6 4. Bg2 Bc5 5. Nge2 d6 6. 0-0 h5 7. h3 a5 8. Nd5 Be6 9. c3 Ba7 10. d4 exd4 11. cxd4 Bxd5 12. exd5 Ne7 13. Bg5 Qd7 14. Bxf6 gxf6 15. h4 Ng6 16. Qd3 Kf8 17. Kh2 Re8 18. Rfe1 Kg7 19. f4 f5 20. Bh3 Ne7 21. Nc3 c6 22. dxc6 bxc6 23. Re2 Nd5 24. Bxf5 Rxe2+ 25. Nxe2 Qb7 26. b3 Re8 27. Qd2 Qb4 28. Qb2 a4 29. Rb1 a3 30. Qc2 Bxd4 31. Nxd4 Qxd4 32. Rd1 Qe3 33. Qd2 Qf3 0-1

[Event "Schaumburg Just op 41st"]
[Site "Schaumburg"]
[Date "2025.01.04"]
[Round "2"]
[White "Rao, Anjaneya Sripathy"]
[Black "Huang, Ayden"]
[Result "1/2-1/2"]
[WhiteElo "2120"]
[BlackElo "1927"]
[PlyCount "81"]
[EventDate "2025.01.03"]
[EventType "swiss"]
[EventRounds "5"]
[EventCountry "USA"]
[SourceTitle "CB02_2025"]
[SourceDate "2025.01.08"]
[SourceVersion "1"]
[SourceVersionDate "2025.01.08"]
[SourceQuality "1"]

1. c4 Nf6 2. Nf3 g6 3. g3 c5 4. Bg2 Bg7 5. 0-0 0-0 6. Nc3 Nc6 7. d4 d6 8. d5 Na5 9. Qd3 a6 10. e4 b5 11. cxb5 axb5 12. Nxb5 Ba6 13. a4 Qd7 14. e5 Bxb5 15. axb5 c4 16. Qd1 dxe5 17. Nxe5 Qxb5 18. Nc6 Nxc6 19. Rxa8 Rxa8 20. dxc6 e6 21. Qd6 Nd5 22. Rd1 Bf8 23. Qd7 Qa4 24. b3 cxb3 25. Rxd5 exd5 26. Bxd5 Bg7 27. Qxf7+ Kh8 28. c7 Rc8 29. Be6 Qe8 30. Qxe8+ Rxe8 31. Kg2 b2 32. Bxb2 Bxb2 33. c8Q Rxc8 34. Bxc8 Kg7 35. h4 Kf6 36. g4 h6 37. f4 Bc1 38. g5+ hxg5 39. hxg5+ Kg7 40. Kf3 Bd2 41. Ke4 1/2-1/2

[Event "Schaumburg Just op 41st"]
[Site "Schaumburg"]
[Date "2025.01.03"]
[Round "1"]
[White "Danilyan, Eduard"]
[Black "Rao, Anjaneya Sripathy"]
[Result "0-1"]
[WhiteElo "1890"]
[BlackElo "2120"]
[PlyCount "68"]
[EventDate "2025.01.03"]
[EventType "swiss"]
[EventRounds "5"]
[EventCountry "USA"]
[SourceTitle "CB02_2025"]
[SourceDate "2025.01.08"]
[SourceVersion "1"]
[SourceVersionDate "2025.01.08"]
[SourceQuality "1"]

1. e4 d6 2. d4 Nf6 3. Nc3 Nbd7 4. f4 e5 5. Nf3 exd4 6. Qxd4 c6 7. Be3 d5 8. exd5 Bc5 9. Qd2 Qe7 10. Nd4 Nb6 11. 0-0-0 Bb4 12. d6 Qxd6 13. Nf3 Nbd5 14. Qd4 Bxc3 15. Qxc3 Qe6 16. Qd2 0-0 17. Bd4 Ne4 18. Qe1 Nxf4 19. Be5 f5 20. Bxf4 Qxa2 21. Nd2 Nxd2 22. Kxd2 Be6 23. Ra1 Rad8+ 24. Kc3 Qd5 25. Qe5 Qd7 26. Bg5 Rde8 27. Qd4 Bd5 28. b3 Re4 29. Qd1 Qd6 30. Kb2 Qe5+ 31. Kb1 Re1 32. Bd3 Rxd1+ 33. Rxd1 f4 34. Bh4 Qh5 0-1

[Event "Charlotte Fall IM-A"]
[Site "Charlotte"]
[Date "2024.11.23"]
[Round "3"]
[White "Tsay, Vincent"]
[Black "Rao, Anjaneya Sripathy"]
[Result "1/2-1/2"]
[WhiteElo "2309"]
[BlackElo "2224"]
[PlyCount "104"]
[EventDate "2024.11.22"]
[EventType "tourn"]
[EventRounds "9"]
[EventCountry "USA"]
[EventCategory "1"]
[SourceTitle "CB49_2024"]
[SourceDate "2024.12.04"]
[SourceVersion "1"]
[SourceVersionDate "2024.12.04"]
[SourceQuality "1"]

1. d4 Nf6 2. c4 g6 3. Nc3 Bg7 4. e4 d6 5. Be2 e5 6. Nf3 Nc6 7. 0-0 0-0 8. d5 Ne7 9. Kh1 Bg4 10. Ng1 Bxe2 11. Ngxe2 Nh5 12. g4 Nf6 13. Rg1 Qd7 14. f3 Ne8 15. Qe1 f5 16. Qh4 f4 17. g5 c5 18. Qg4 Qxg4 19. Rxg4 Nc8 20. Nb5 a6 21. Na3 Nc7 22. Bd2 b5 23. Ba5 b4 24. Nc2 Ra7 25. b3 Rb7 26. a3 bxa3 27. Rxa3 Nb6 28. Rg1 Rfb8 29. Kg2 Bf8 30. h4 Be7 31. Kh3 Kf7 32. Ne1 h6 33. Nd3 hxg5 34. hxg5 Rh8+ 35. Kg2 Rh5 36. Rc1 Rxg5+ 37. Kf1 Nba8 38. b4 Rb8 39. bxc5 dxc5 40. Bc3 Bd6 41. Ng1 Ke7 42. Be1 Rh5 43. Bf2 Rh2 44. Bxc5 Bxc5 45. Nxc5 Rbb2 46. Nd3 Rbg2 47. c5 Nb5 48. Rxa6 Nd4 49. Nxe5 Ne2 50. Ra7+ Kf8 51. Rxa8+ Kg7 52. Ra7+ Kg8 1/2-1/2

[Event "Charlotte Fall IM-A"]
[Site "Charlotte"]
[Date "2024.11.22"]
[Round "2"]
[White "Rao, Anjaneya Sripathy"]
[Black "Asavasaetakul, Chawit"]
[Result "1/2-1/2"]
[WhiteElo "2224"]
[BlackElo "2009"]
[PlyCount "114"]
[EventDate "2024.11.22"]
[EventType "tourn"]
[EventRounds "9"]
[EventCountry "USA"]
[EventCategory "1"]
[SourceTitle "CB49_2024"]
[SourceDate "2024.12.04"]
[SourceVersion "1"]
[SourceVersionDate "2024.12.04"]
[SourceQuality "1"]

1. e4 c6 2. d4 d5 3. exd5 cxd5 4. Bd3 Nc6 5. c3 Nf6 6. h3 g6 7. Nf3 Bf5 8. Be2 Qc7 9. Nbd2 Bg7 10. Nf1 Ne4 11. Ne3 Rd8 12. Nxf5 gxf5 13. g3 e6 14. Bf4 Qe7 15. Qc1 Rc8 16. Qe3 a6 17. 0-0 0-0 18. Bh6 Qf6 19. Bxg7 Qxg7 20. Kh2 Kh8 21. Rg1 Qf6 22. Nd2 Ne7 23. Raf1 Rg8 24. Nxe4 dxe4 25. f3 Nd5 26. Qc1 e3 27. f4 Qh6 28. Rf3 b5 29. Qf1 Rc7 30. Bd1 Rcc8 31. Bb3 Nf6 32. Bd1 Ng4+ 33. Kg2 Nf2 34. Rxe3 Nxh3 35. Rh1 Qxf4 36. Qe1 Rg7 37. Rxh3 Rcg8 38. Qf2 Qd6 39. Rh4 Qd5+ 40. Kh2 Qxa2 41. Qg2 Qb1 42. Qc2 Qa1 43. Rh3 Qa5 44. Re5 Qc7 45. Qf2 a5 46. Qf4 Qc4 47. Be2 Qa2 48. Rxb5 a4 49. Rb8 a3 50. Rxg8+ Rxg8 51. Qe5+ Rg7 52. Qb8+ Rg8 53. Qe5+ Rg7 54. Rh5 Qxb2 55. Kh3 Qb7 56. Bf3 Qxf3 57. Qb8+ Rg8 1/2-1/2